Statistics for Asia A-Z

Click here to take the quiz!

General Stats

  • This quiz has been taken 59 times
  • The average score is 16 of 26

Answer Stats

hintanswer% Correct
FOne of Japan's Three Holy MountainsFuji
92%
GMongolia's main desertGobi
92%
EAjman, Dubai, Sharjah, for exampleemirate
91%
LEast Timor's actual nameTimor-{Leste}
87%
BDeep lake by IrkutskBaikal
79%
UVariant of Hindi spoken in PakistanUrdu
79%
DNearest capital to KolkataDhaka
77%
WEastern Indian state{West} Bengal
77%
YCapital city, spelt Երևան in ArmenianYerevan
77%
CCountry whose map appears on its flagCyprus
74%
HSapporo's islandHokkaido
72%
KNearest 1M city to Mt EverestKathmandu
72%
OGeorgian region controlled by RussiaSouth {Ossetia}
66%
ACapital of ex-country South YemenAden
64%
NSwitched from a kingdom to a republic in 2008Nepal
64%
JKnown as Batavia until World War IIJakarta
57%
PAfghanistan's official languagePashto
53%
SMedan's and Padang's islandSumatra
53%
IWhat Koh, as in Thailand's Koh Samui, meansisland
51%
MMyanmar's 2nd city, once the capitalMandalay
43%
VHoly city on Ganges River, formerly BenaresVaranasi
42%
ZHalf of this religion's adherents are in IndiaZoroastrianism
42%
QLargest non-Chinese Q city, in PakistanQuetta
38%
XÜrümqi is capital of this Chinese "autonomous" regionXinjiang
21%
RPersecuted Muslim ethnic group in MyanmarRohingya
17%
TLargest city on Sea of GalileeTiberias
13%

Score Distribution

Percentile by Number Answered

Percent of People with Each Score

Your Score History

You have not taken this quiz